[Event "Pardubice Czech op-B 29th"]
[Site "Pardubice"]
[Date "2018.07.22"]
[Round "3"]
[White "Drozdov, Vladimir E"]
[Black "Vonhoff, Nils"]
[Result "0-1"]
[WhiteElo "1913"]
[BlackElo "2040"]
[PlyCount "54"]
[EventDate "2018.07.20"]
[EventType "swiss"]
[EventRounds "9"]
[EventCountry "CZE"]
[SourceTitle "CBM 186 Extra"]
[Source "ChessBase"]
[SourceDate "2018.08.24"]
[SourceVersion "1"]
[SourceVersionDate "2018.08.24"]
[SourceQuality "1"]

1. e4 c5 2. c3 d5 3. exd5 Qxd5 4. d4 Nc6 5. Nf3 Bg4 6. Be2 e6 7. 0-0 Nf6 8. Be3 cxd4 9. cxd4 Bb4 10. Nc3 Qa5 11. Qb3 Qc7 12. Rac1 a6 13. h3 Bf5 14. Na4 Bd6 15. Ne5 Be4 16. Nb6 Rb8 17. Nbc4 b5 18. Nxd6+ Qxd6 19. Nxc6 Bxc6 20. Bf4 Qxf4 21. Rxc6 Qxd4 22. Rd1 Qa7 23. Qa3 Ne4 24. Bxb5 Qxf2+ 25. Kh2 axb5 26. Rdc1 Rd8 27. Rc7 Nd6 0-1

[Event "Pardubice Czech op-B 28th"]
[Site "Pardubice"]
[Date "2017.07.29"]
[Round "9"]
[White "Vonhoff, Nils"]
[Black "Dzubasz, Tino"]
[Result "0-1"]
[WhiteElo "2004"]
[BlackElo "2067"]
[PlyCount "54"]
[EventDate "2017.07.21"]
[EventType "swiss"]
[EventRounds "9"]
[EventCountry "CZE"]
[SourceTitle "CBM 179 Extra"]
[Source "ChessBase"]
[SourceDate "2017.08.23"]
[SourceVersion "1"]
[SourceVersionDate "2017.08.23"]
[SourceQuality "1"]

1. e4 g6 2. d4 Bg7 3. f4 c5 4. d5 d6 5. Nf3 Nf6 6. c3 0-0 7. Nbd2 e6 8. dxe6 fxe6 9. Bd3 Nh5 10. g3 e5 11. fxe5 Bg4 12. Bc4+ Kh8 13. e6 Nc6 14. h3 Bxf3 15. Nxf3 Nxg3 16. Rg1 Nxe4 17. Bd5 Nf6 18. Ng5 h6 19. Nf7+ Rxf7 20. exf7 Qe7+ 21. Kf1 Nxd5 22. Qxd5 Rf8 23. Kg2 Rxf7 24. Qc4 Nd4 25. Re1 Qxe1 26. Qxf7 Qe4+ 27. Kf1 Qe2+ 0-1

[Event "Lueneburg op-A"]
[Site "Lueneburg"]
[Date "2017.07.14"]
[Round "7"]
[White "Hanemann, Henno"]
[Black "Vonhoff, Nils"]
[Result "0-1"]
[WhiteElo "1799"]
[BlackElo "2004"]
[PlyCount "54"]
[EventDate "2017.07.08"]
[EventType "swiss"]
[EventRounds "9"]
[EventCountry "GER"]
[SourceTitle "CBM 179 Extra"]
[Source "ChessBase"]
[SourceDate "2017.08.23"]
[SourceVersion "1"]
[SourceVersionDate "2017.08.23"]
[SourceQuality "1"]

1. e4 c5 2. f4 a6 3. Nf3 b5 4. a4 b4 5. Bc4 e6 6. d4 d5 7. exd5 exd5 8. Be2 c4 9. 0-0 Nf6 10. Re1 Be7 11. Ne5 Qc7 12. Bf3 Ra7 13. Nd2 h5 14. Nf1 g6 15. Ne3 Be6 16. N3xc4 dxc4 17. d5 Bc5+ 18. Kh1 Bf5 19. Nxg6+ Kd8 20. Nxh8 Ng4 21. Bxg4 Bxg4 22. d6 Qc6 23. d7 Rxd7 24. Nxf7+ Kc7 25. f5 Bxd1 26. Bf4+ Kb7 27. Raxd1 Rxf7 0-1

[Event "Lueneburg op-A"]
[Site "Lueneburg"]
[Date "2017.07.13"]
[Round "6"]
[White "Vonhoff, Nils"]
[Black "Reuter, Maximilian"]
[Result "1/2-1/2"]
[WhiteElo "2004"]
[BlackElo "1843"]
[PlyCount "85"]
[EventDate "2017.07.08"]
[EventType "swiss"]
[EventRounds "9"]
[EventCountry "GER"]
[SourceTitle "CBM 179 Extra"]
[Source "ChessBase"]
[SourceDate "2017.08.23"]
[SourceVersion "1"]
[SourceVersionDate "2017.08.23"]
[SourceQuality "1"]

1. e4 d6 2. Nc3 Nf6 3. Bc4 e6 4. Bb3 d5 5. e5 Nfd7 6. f4 c5 7. Nf3 a6 8. d3 g6 9. Ne2 b5 10. c3 c4 11. Bc2 cxd3 12. Bxd3 Nc5 13. Bc2 Bb7 14. Be3 Nc6 15. b4 Nd7 16. Ned4 Nb6 17. Nxc6 Bxc6 18. Nd4 Bd7 19. 0-0 h5 20. a3 Rc8 21. Ne2 Nc4 22. Bd4 Be7 23. Nc1 Nb2 24. Qe2 Nc4 25. Nb3 a5 26. Ra2 a4 27. Nd2 Nxd2 28. Qxd2 Bc6 29. Bd3 Qd7 30. Qe3 Rg8 31. Raf2 Rc7 32. g3 Rb7 33. h3 Kd8 34. Rg2 Kc7 35. g4 hxg4 36. hxg4 Rbb8 37. Rh2 Rh8 38. Rff2 Rbg8 39. Kf1 Kb7 40. Ke2 Ka6 41. Qd2 Qd8 42. Qc2 Kb7 43. g5 1/2-1/2

[Event "Lueneburg op-A"]
[Site "Lueneburg"]
[Date "2017.07.12"]
[Round "5"]
[White "Popist, Florian"]
[Black "Vonhoff, Nils"]
[Result "1/2-1/2"]
[WhiteElo "1759"]
[BlackElo "2004"]
[PlyCount "70"]
[EventDate "2017.07.08"]
[EventType "swiss"]
[EventRounds "9"]
[EventCountry "GER"]
[SourceTitle "CBM 179 Extra"]
[Source "ChessBase"]
[SourceDate "2017.08.23"]
[SourceVersion "1"]
[SourceVersionDate "2017.08.23"]
[SourceQuality "1"]

1. e4 c5 2. Nf3 a6 3. c3 d6 4. d4 Nd7 5. Bd3 b5 6. a4 Rb8 7. 0-0 g6 8. e5 dxe5 9. dxe5 e6 10. Qe2 c4 11. Bc2 Qc7 12. axb5 axb5 13. b3 cxb3 14. Bxb3 Ne7 15. Nd4 Nc6 16. f4 b4 17. Nxc6 Qxc6 18. Ba4 Qb6+ 19. Be3 Bc5 20. Bxc5 Qxc5+ 21. Qf2 Ke7 22. Bxd7 Qxf2+ 23. Rxf2 Bxd7 24. cxb4 Rxb4 25. Nd2 Rc8 26. g3 Rc7 27. Re1 Bb5 28. Nf1 Rbc4 29. Ne3 Rc1 30. Rxc1 Rxc1+ 31. Kg2 Bc6+ 32. Kh3 Be4 33. Ra2 Rc3 34. Ng4 Bf5 35. Kh4 Bxg4 1/2-1/2

[Event "Bad Zwesten op 17th"]
[Site "Bad Zwesten"]
[Date "2017.01.05"]
[Round "5"]
[White "Weissbeck, Wolf Dieter"]
[Black "Vonhoff, Nils"]
[Result "1/2-1/2"]
[WhiteElo "1771"]
[BlackElo "2011"]
[PlyCount "112"]
[EventDate "2017.01.02"]
[EventType "swiss"]
[EventRounds "7"]
[EventCountry "GER"]
[SourceTitle "CBM 176 Extra"]
[Source "ChessBase"]
[SourceDate "2017.03.02"]
[SourceVersion "1"]
[SourceVersionDate "2017.03.02"]
[SourceQuality "1"]

1. e4 c5 2. f4 a6 3. Nf3 b5 4. a4 b4 5. Bc4 e6 6. 0-0 Bb7 7. d3 Be7 8. f5 exf5 9. Ne5 d5 10. exd5 Bxd5 11. Bxd5 Qxd5 12. Qe2 g6 13. Re1 Nc6 14. Nxc6 Qxc6 15. Bg5 f6 16. Bh6 Kf7 17. Nd2 Re8 18. Bf4 c4 19. Kh1 cxd3 20. Qxd3 Rd8 21. Qc4+ Qxc4 22. Nxc4 g5 23. Be3 f4 24. Bb6 Rc8 25. b3 Nh6 26. Rad1 Nf5 27. Rd7 Kg6 28. Rdxe7 Nxe7 29. Rxe7 Rhe8 30. Rxe8 Rxe8 31. Kg1 Re2 32. Ba5 Rxc2 33. Bxb4 h5 34. Be1 Kf5 35. g3 Rc1 36. Kf2 fxg3+ 37. hxg3 Rb1 38. b4 Kg4 39. b5 axb5 40. axb5 Rxb5 41. Kg2 Rb3 42. Bf2 h4 43. Ne3+ Rxe3 44. Bxe3 hxg3 45. Bd2 f5 46. Bxg5 Kxg5 47. Kxg3 f4+ 48. Kf2 Kg4 49. Kg2 Kg5 50. Kf3 Kf5 51. Kf2 Ke4 52. Ke2 f3+ 53. Kf2 Kf4 54. Kf1 Ke3 55. Ke1 f2+ 56. Kf1 Kf3 1/2-1/2

[Event "Plzen op 8th"]
[Site "Plzen"]
[Date "2016.10.15"]
[Round "7"]
[White "Vonhoff, Nils"]
[Black "Waisberg, Arnold"]
[Result "1-0"]
[WhiteElo "2018"]
[BlackElo "1876"]
[PlyCount "53"]
[EventDate "2016.10.09"]
[EventType "swiss"]
[EventRounds "7"]
[EventCountry "CZE"]
[SourceTitle "EXT 2017"]
[Source "ChessBase"]
[SourceDate "2016.10.25"]
[SourceVersion "1"]
[SourceVersionDate "2016.10.25"]
[SourceQuality "1"]

1. e4 e5 2. Bc4 Nf6 3. d3 Bc5 4. c3 Nc6 5. Bg5 h6 6. Bh4 d6 7. a4 a5 8. Nd2 Be6 9. b3 g5 10. Bg3 Qd7 11. Ne2 Nh5 12. Bb5 Nxg3 13. hxg3 d5 14. Qc2 Ke7 15. f4 f6 16. f5 Bf7 17. g4 h5 18. gxh5 Bxh5 19. Ng3 Bg4 20. Rxh8 Rxh8 21. exd5 Qxd5 22. Nde4 Rh2 23. Bc4 Qd8 24. Nxc5 Qh8 25. Qf2 Bh3 26. Bd5 Kd6 27. Nxb7+ 1-0

[Event "Plzen op 8th"]
[Site "Plzen"]
[Date "2016.10.14"]
[Round "6"]
[White "Burnett, Andrew"]
[Black "Vonhoff, Nils"]
[Result "1-0"]
[WhiteElo "2183"]
[BlackElo "2018"]
[PlyCount "55"]
[EventDate "2016.10.09"]
[EventType "swiss"]
[EventRounds "7"]
[EventCountry "CZE"]
[SourceTitle "EXT 2017"]
[Source "ChessBase"]
[SourceDate "2016.10.25"]
[SourceVersion "1"]
[SourceVersionDate "2016.10.25"]
[SourceQuality "1"]

1. d4 c5 2. d5 f5 3. e4 fxe4 4. Nc3 Nf6 5. g4 d6 6. g5 Nfd7 7. Nxe4 g6 8. Bg2 Bg7 9. h4 Ne5 10. f4 Bg4 11. Nf3 Nc4 12. c3 Qd7 13. Qe2 b5 14. a4 Nb6 15. axb5 Nxd5 16. c4 Nb4 17. Nf6+ Bxf6 18. gxf6 a5 19. 0-0 Ra7 20. f5 gxf5 21. Bh6 e5 22. Qd2 Kf7 23. Bg7 Rg8 24. Qh6 Bxf3 25. Bxf3 Rxg7+ 26. Qxg7+ Ke6 27. Qg5 Qf7 28. Bd5+ 1-0

[Event "Lueneburg op-A"]
[Site "Lueneburg"]
[Date "2016.07.06"]
[Round "7"]
[White "Vonhoff, Nils"]
[Black "Lezynski, Florian"]
[Result "1-0"]
[WhiteElo "2049"]
[BlackElo "1910"]
[PlyCount "59"]
[EventDate "2016.07.01"]
[EventType "swiss"]
[EventRounds "9"]
[EventCountry "GER"]
[SourceTitle "CBM 173 Extra"]
[Source "ChessBase"]
[SourceDate "2016.08.29"]
[SourceVersion "1"]
[SourceVersionDate "2016.08.29"]
[SourceQuality "1"]

1. e4 c5 2. Nc3 Nc6 3. g4 e6 4. d3 d6 5. Bg2 Be7 6. Nge2 a6 7. a4 Bf6 8. f4 Bh4+ 9. Ng3 Nge7 10. 0-0 Nd4 11. Nce2 Nec6 12. Nxd4 Nxd4 13. c3 Nc6 14. Be3 e5 15. f5 Bg5 16. Bf2 0-0 17. Qe1 Bd7 18. Ne2 f6 19. h4 Bf4 20. b4 cxb4 21. cxb4 a5 22. b5 Nb4 23. Nxf4 exf4 24. Qd2 Rc8 25. Rac1 Qe7 26. Bb6 f3 27. Bxf3 Qe5 28. Kg2 g5 29. Bxa5 Nxd3 30. Qxd3 1-0

[Event "Lueneburg op-A"]
[Site "Lueneburg"]
[Date "2016.07.05"]
[Round "6"]
[White "Ngo, Minh Duc"]
[Black "Vonhoff, Nils"]
[Result "1-0"]
[WhiteElo "2095"]
[BlackElo "2049"]
[PlyCount "135"]
[EventDate "2016.07.01"]
[EventType "swiss"]
[EventRounds "9"]
[EventCountry "GER"]
[SourceTitle "CBM 173 Extra"]
[Source "ChessBase"]
[SourceDate "2016.08.29"]
[SourceVersion "1"]
[SourceVersionDate "2016.08.29"]
[SourceQuality "1"]

1. e4 c5 2. Nf3 a6 3. c4 g6 4. d4 cxd4 5. Nxd4 Bg7 6. Nc3 d6 7. Be3 Nf6 8. Be2 0-0 9. 0-0 Nbd7 10. f3 Qc7 11. Qd2 Ne5 12. b3 Nc6 13. Nc2 Be6 14. Rac1 Qa5 15. a3 Ne5 16. Nd5 Qd8 17. Bb6 Qd7 18. Nxf6+ Bxf6 19. f4 Nc6 20. Ne3 Qc8 21. Nd5 Bg7 22. b4 Qd7 23. b5 Nd8 24. f5 gxf5 25. exf5 Bxd5 26. cxd5 Rc8 27. Rxc8 Qxc8 28. Qg5 f6 29. Rc1 Qd7 30. Qg4 Nf7 31. Rc7 Qe8 32. Qh4 axb5 33. Bh5 Qa8 34. Bxf7+ Rxf7 35. Qg3 Qa4 36. Qe3 Qd1+ 37. Kf2 Qxd5 38. Qe6 Qd2+ 39. Kg3 Qg5+ 40. Kf2 Qd2+ 41. Kf3 Qd3+ 42. Kg4 Bf8 43. Rc8 Qxa3 44. Be3 Qa4+ 45. Kh5 Qd1+ 46. g4 Qe2 47. h4 b4 48. Bh6 Qxe6 49. fxe6 Rg7 50. Bxg7 Kxg7 51. Rb8 f5 52. gxf5 h6 53. Rxb7 Kf6 54. Rb5 b3 55. Kg4 b2 56. Rxb2 h5+ 57. Kxh5 Kxf5 58. Rf2+ Kxe6 59. Rxf8 d5 60. Kg6 d4 61. h5 Kd7 62. h6 e5 63. h7 d3 64. h8Q e4 65. Qd4+ Ke7 66. Qd8+ Ke6 67. Rf6+ Ke5 68. Qd6# 1-0

[Event "London Classic CSC op 7th"]
[Site "London"]
[Date "2015.12.05"]
[Round "3"]
[White "Vonhoff, Nils"]
[Black "Weaving, Richard"]
[Result "0-1"]
[WhiteElo "2013"]
[BlackElo "2240"]
[PlyCount "78"]
[EventDate "2015.12.04"]
[EventType "swiss"]
[EventRounds "5"]
[EventCountry "ENG"]
[SourceTitle "CBM 169 Extra"]
[Source "ChessBase"]
[SourceDate "2015.12.18"]
[SourceVersion "1"]
[SourceVersionDate "2015.12.18"]
[SourceQuality "1"]

1. e4 e5 2. Bc4 Nc6 3. c3 Nf6 4. d3 Bc5 5. Nf3 0-0 6. b4 Bb6 7. a4 a6 8. Bg5 h6 9. Bh4 d6 10. 0-0 Be6 11. Nbd2 Nb8 12. Qb3 Qe7 13. Rae1 Nbd7 14. d4 Rfe8 15. h3 c6 16. dxe5 dxe5 17. Bxf6 Qxf6 18. Bxe6 Rxe6 19. Nc4 Bc7 20. a5 Qg6 21. Nh4 Qg5 22. g3 Nf6 23. Re2 Qh5 24. f3 g6 25. Kh2 Qg5 26. Qb1 Nh5 27. Qe1 Rd8 28. Ng2 Re7 29. h4 Qf6 30. Rd2 Red7 31. Rxd7 Rxd7 32. Qe2 Qe7 33. g4 Nf4 34. Nxf4 exf4 35. Kg2 Qf6 36. Rc1 Qxh4 37. Qf2 Qg5 38. Kh3 Bd8 39. Re1 h5 0-1

[Event "Guernsey op 41st"]
[Site "Vale"]
[Date "2015.10.20"]
[Round "3"]
[White "French, Max"]
[Black "Vonhoff, Nils"]
[Result "0-1"]
[WhiteElo "1824"]
[BlackElo "1999"]
[PlyCount "90"]
[EventDate "2015.10.18"]
[EventType "swiss"]
[EventRounds "7"]
[EventCountry "GCI"]
[SourceTitle "EXT 2017"]
[Source "ChessBase"]
[SourceDate "2016.10.25"]
[SourceVersion "1"]
[SourceVersionDate "2016.10.25"]
[SourceQuality "1"]

1. d4 Nf6 2. c4 c5 3. d5 b5 4. Qc2 Na6 5. a3 b4 6. Nf3 g6 7. e4 Qa5 8. Nbd2 b3 9. Qc3 Qxc3 10. bxc3 Bg7 11. Bb2 d6 12. Bd3 Bd7 13. 0-0 Nc7 14. e5 Ng4 15. exd6 exd6 16. Rae1+ Kf8 17. Ne4 Ne8 18. Nfd2 Rb8 19. f4 Ngf6 20. a4 Nxe4 21. Nxe4 h6 22. Ba3 Rc8 23. Bb2 Rc7 24. h3 f5 25. Nf2 Nf6 26. g4 Kf7 27. gxf5 gxf5 28. Re3 Rg8 29. Kh2 h5 30. Nd1 h4 31. Re2 Nh5 32. Ref2 Re8 33. Rg1 Ng3 34. Rfg2 Bxa4 35. Rxg3 hxg3+ 36. Kxg3 Bd7 37. Kf3 Rh8 38. Rg3 Bf6 39. Ne3 Bh4 40. Rg1 Be7 41. Bxf5 Bxf5 42. Nxf5 Rxh3+ 43. Ke4 Bf8 44. Ra1 Rc8 45. Rxa7+ Kf6 0-1

[Event "Goch op 25th"]
[Site "Goch"]
[Date "2014.09.07"]
[Round "6"]
[White "Vonhoff, Nils"]
[Black "Titov, Leonid"]
[Result "1-0"]
[WhiteElo "1967"]
[BlackElo "1811"]
[PlyCount "49"]
[EventDate "2014.09.04"]
[EventType "swiss"]
[EventRounds "7"]
[EventCountry "GER"]
[SourceTitle "EXT 2016"]
[Source "ChessBase"]
[SourceDate "2015.10.08"]
[SourceVersion "1"]
[SourceVersionDate "2015.10.08"]
[SourceQuality "1"]

1. e4 Nc6 2. d4 d5 3. e5 Bf5 4. c3 e6 5. f4 f6 6. Nf3 Nh6 7. Bd3 Be7 8. 0-0 0-0 9. b4 fxe5 10. fxe5 Bxd3 11. Qxd3 Nf5 12. a3 a6 13. Ra2 Na7 14. Raf2 Qd7 15. Bg5 h5 16. Nbd2 a5 17. Nb3 Bxg5 18. Nxg5 Qe7 19. Nxe6 Qxe6 20. Nc5 Qc8 21. Rxf5 Rxf5 22. Rxf5 Qe8 23. Qf3 Qg6 24. Qxd5+ Kh7 25. e6 1-0

[Event "Goch op 25th"]
[Site "Goch"]
[Date "2014.09.06"]
[Round "5"]
[White "Buckels, Valentin"]
[Black "Vonhoff, Nils"]
[Result "1-0"]
[WhiteElo "2210"]
[BlackElo "1967"]
[PlyCount "85"]
[EventDate "2014.09.04"]
[EventType "swiss"]
[EventRounds "7"]
[EventCountry "GER"]
[SourceTitle "EXT 2016"]
[Source "ChessBase"]
[SourceDate "2015.10.08"]
[SourceVersion "1"]
[SourceVersionDate "2015.10.08"]
[SourceQuality "1"]

1. d4 d5 2. c4 c6 3. e3 Nf6 4. Nf3 Bf5 5. Qb3 Qc7 6. cxd5 Nxd5 7. Nc3 e6 8. Be2 Nd7 9. 0-0 Bd6 10. h3 h6 11. Nd2 N7f6 12. Bf3 Bh7 13. e4 Nxc3 14. bxc3 Bf4 15. e5 Bxd2 16. Bxd2 Nd5 17. c4 Ne7 18. Bb4 Nf5 19. Rad1 Rd8 20. d5 Nh4 21. Bg4 Bf5 22. Bd6 Qc8 23. g3 Bxg4 24. hxg4 Ng6 25. Qa4 a6 26. dxc6 Qxc6 27. Qxc6+ bxc6 28. Rb1 h5 29. g5 h4 30. g4 Nf4 31. Rb7 Rd7 32. Rb8+ Rd8 33. Rfb1 Rh7 34. R8b7 Nh3+ 35. Kg2 Nxg5 36. Be7 h3+ 37. Kh1 Ne4 38. Bxd8 Nxf2+ 39. Kh2 Nxg4+ 40. Kg3 h2 41. Bh4 Nxe5 42. Re7+ Kf8 43. Rb8# 1-0

[Event "GER-chT U16"]
[Site "Lingen"]
[Date "2013.12.30"]
[Round "7.4"]
[White "Vonhoff, Nils"]
[Black "Truemper, Michael"]
[Result "1-0"]
[WhiteElo "1811"]
[BlackElo "1814"]
[PlyCount "77"]
[EventDate "2013.12.27"]
[EventType "team-swiss"]
[EventRounds "7"]
[EventCountry "GER"]
[SourceTitle "EXT 2015"]
[Source "ChessBase"]
[SourceDate "2014.11.20"]
[SourceVersion "1"]
[SourceVersionDate "2014.11.20"]
[SourceQuality "1"]
[WhiteTeam "Lingen"]
[BlackTeam "Brackel"]
[WhiteTeamCountry "GER"]
[BlackTeamCountry "GER"]

1. e4 e6 2. d4 d5 3. Nd2 Nf6 4. e5 Nfd7 5. Bd3 c5 6. c3 Nc6 7. Ne2 cxd4 8. cxd4 f6 9. exf6 Nxf6 10. Nf3 Bd6 11. a3 0-0 12. Bd2 Bd7 13. b4 a6 14. Ng3 Rc8 15. 0-0 Ne7 16. Qb1 Bb5 17. Bxb5 axb5 18. Qd3 Qd7 19. Rae1 Ng6 20. Ng5 e5 21. Nxh7 e4 22. Nxf6+ Rxf6 23. Qb3 Nf4 24. Nxe4 Rcf8 25. Nxf6+ Rxf6 26. Re5 Bxe5 27. dxe5 Ne2+ 28. Kh1 Rg6 29. Qd3 Qg4 30. Qxd5+ Kh8 31. Qxb7 Nd4 32. Be3 Nc6 33. Rg1 Qe4 34. Qc8+ Kh7 35. Qh3+ Kg8 36. f4 Ne7 37. Qf3 Nf5 38. Bf2 Qc2 39. g4 1-0

[Event "GER-chT U16"]
[Site "Lingen"]
[Date "2013.12.27"]
[Round "2.4"]
[White "Guenther, Alexander"]
[Black "Vonhoff, Nils"]
[Result "1-0"]
[WhiteElo "1510"]
[BlackElo "1811"]
[PlyCount "67"]
[EventDate "2013.12.27"]
[EventType "team-swiss"]
[EventRounds "7"]
[EventCountry "GER"]
[SourceTitle "EXT 2015"]
[Source "ChessBase"]
[SourceDate "2014.11.20"]
[SourceVersion "1"]
[SourceVersionDate "2014.11.20"]
[SourceQuality "1"]
[WhiteTeam "Stade"]
[BlackTeam "Lingen"]
[WhiteTeamCountry "GER"]
[BlackTeamCountry "GER"]

1. d4 g6 2. Nf3 Bg7 3. Bf4 Nf6 4. e3 0-0 5. Bd3 d6 6. Nbd2 c5 7. c3 Be6 8. Ng5 Bd5 9. e4 Bc6 10. h4 h6 11. Ngf3 Re8 12. Qc2 Nh5 13. Be3 cxd4 14. Nxd4 Qd7 15. 0-0-0 e5 16. Nxc6 Nxc6 17. Be2 Nf6 18. Nc4 Bf8 19. f3 Qc7 20. g4 Nd7 21. Qd2 Re6 22. Bxh6 Bxh6 23. Qxh6 Nf8 24. h5 gxh5 25. Qxh5 Ng6 26. Qh6 Qe7 27. Ne3 Qf6 28. Bc4 Re7 29. Nf5 Rd7 30. g5 Qh8 31. Rxd6 Qxh6 32. Nxh6+ Kg7 33. Rxd7 Rf8 34. Rxb7 1-0

[Event "GER-chT U16"]
[Site "Lingen"]
[Date "2013.12.27"]
[Round "1.4"]
[White "Vonhoff, Nils"]
[Black "Pixa, Ulrich"]
[Result "1-0"]
[WhiteElo "1811"]
[BlackElo "1621"]
[PlyCount "81"]
[EventDate "2013.12.27"]
[EventType "team-swiss"]
[EventRounds "7"]
[EventCountry "GER"]
[SourceTitle "EXT 2015"]
[Source "ChessBase"]
[SourceDate "2014.11.20"]
[SourceVersion "1"]
[SourceVersionDate "2014.11.20"]
[SourceQuality "1"]
[WhiteTeam "Lingen"]
[BlackTeam "Treptow"]
[WhiteTeamCountry "GER"]
[BlackTeamCountry "GER"]

1. e4 e5 2. Bc4 Nf6 3. d3 Bc5 4. Nf3 d6 5. c3 Nc6 6. b4 Bb6 7. a4 a6 8. Qb3 0-0 9. Bg5 Qe7 10. Nbd2 Nd8 11. Bh4 Be6 12. h3 c6 13. Qa2 Bxc4 14. Nxc4 Bc7 15. Ne3 Qe6 16. Nf5 Qxa2 17. Rxa2 Ne6 18. Bxf6 gxf6 19. g3 Rfe8 20. N3h4 Kf8 21. Nh6 Ng7 22. N4f5 Nxf5 23. Nxf5 Red8 24. g4 d5 25. Ke2 Ke8 26. h4 Kd7 27. Nh6 Ke6 28. g5 b5 29. Rh3 Rf8 30. Rf3 Bd8 31. exd5+ cxd5 32. axb5 fxg5 33. Rxa6+ Rxa6 34. bxa6 Bb6 35. hxg5 Ke7 36. Rf6 Ba7 37. Nf5+ Ke8 38. Nd6+ Ke7 39. Nb5 Ra8 40. Nc7 Rd8 41. b5 1-0

[Event "Goch op 24th"]
[Site "Goch"]
[Date "2013.09.06"]
[Round "2"]
[White "Stotyn, Fabian"]
[Black "Vonhoff, Nils"]
[Result "1-0"]
[WhiteElo "2129"]
[BlackElo "1841"]
[PlyCount "53"]
[EventDate "2013.09.05"]
[EventType "swiss"]
[EventRounds "7"]
[EventCountry "GER"]
[SourceTitle "EXT 2015"]
[Source "ChessBase"]
[SourceDate "2014.11.20"]
[SourceVersion "1"]
[SourceVersionDate "2014.11.20"]
[SourceQuality "1"]

1. e4 c5 2. Nc3 g6 3. f4 Bg7 4. Nf3 Nc6 5. Bc4 a6 6. a3 e6 7. d3 b5 8. Ba2 Nge7 9. 0-0 d6 10. Qe1 Qc7 11. Qh4 Nd4 12. f5 gxf5 13. Qh5 Nxf3+ 14. Rxf3 Nc6 15. exf5 Nd4 16. fxe6 Nxf3+ 17. Qxf3 Bb7 18. exf7+ Kf8 19. Qh5 c4 20. Be3 Rd8 21. Qh4 d5 22. Bd4 Bxd4+ 23. Qxd4 Kxf7 24. Rf1+ Ke6 25. Qg4+ Kd6 26. Rf6+ Kc5 27. d4# 1-0

[Event "Goch op 24th"]
[Site "Goch"]
[Date "2013.09.06"]
[Round "3"]
[White "Vonhoff, Nils"]
[Black "Bieker, Peter"]
[Result "1-0"]
[WhiteElo "1841"]
[BlackElo "1487"]
[PlyCount "67"]
[EventDate "2013.09.05"]
[EventType "swiss"]
[EventRounds "7"]
[EventCountry "GER"]
[SourceTitle "EXT 2015"]
[Source "ChessBase"]
[SourceDate "2014.11.20"]
[SourceVersion "1"]
[SourceVersionDate "2014.11.20"]
[SourceQuality "1"]

1. e4 c6 2. d4 d5 3. Nd2 dxe4 4. Nxe4 Nf6 5. Ng3 h5 6. h3 h4 7. N3e2 Bf5 8. Nf3 Nbd7 9. Bg5 Be4 10. Nxh4 Qa5+ 11. Bd2 Qd5 12. Nf3 Bxf3 13. gxf3 Qxf3 14. Ng3 Qxd1+ 15. Rxd1 0-0-0 16. Bg2 Nb6 17. Ba5 e6 18. c4 Rd7 19. b3 Na8 20. Bc3 c5 21. Ne2 Nc7 22. 0-0 Rh6 23. Bd2 Rg6 24. Nf4 Rxg2+ 25. Kxg2 cxd4 26. Nd3 Ne4 27. Ne5 Re7 28. Bb4 Re8 29. Bxf8 Rxf8 30. Rxd4 Nc3 31. a3 Ne2 32. Re4 Nc3 33. Re3 f6 34. Ng6 1-0

[Event "Lueneburg op"]
[Site "Lueneburg"]
[Date "2013.07.15"]
[Round "1"]
[White "Fries Nielsen, Jens Ove"]
[Black "Vonhoff, Nils"]
[Result "1-0"]
[WhiteElo "2381"]
[BlackElo "1842"]
[PlyCount "59"]
[EventDate "2013.07.15"]
[EventType "swiss"]
[EventRounds "7"]
[EventCountry "GER"]
[SourceTitle "CBM 155 Extra"]
[Source "ChessBase"]
[SourceDate "2013.08.26"]
[SourceVersion "1"]
[SourceVersionDate "2013.08.26"]
[SourceQuality "1"]

1. Nf3 g6 2. e4 Bg7 3. Bc4 e6 4. d4 Ne7 5. d5 exd5 6. exd5 d6 7. h3 h6 8. 0-0 a6 9. a4 Nd7 10. Ra3 Nb6 11. Ba2 0-0 12. a5 Nd7 13. Nd4 c5 14. dxc6 bxc6 15. Bxf7+ Kxf7 16. Nxc6 Nxc6 17. Qd5+ Ke7 18. Qxc6 Ra7 19. Re1+ Ne5 20. f4 Rc7 21. Qa4 Bf5 22. Nc3 Kf7 23. fxe5 dxe5 24. Qb3+ Be6 25. Qb6 Qd4+ 26. Be3 Qxb6 27. axb6 Rb7 28. Rxa6 Bc4 29. Ra4 Rc8 30. Ne4 1-0

[Event "GER-chT U16"]
[Site "Naumburg"]
[Date "2012.12.30"]
[Round "7"]
[White "Essig, Philipp"]
[Black "Vonhoff, Nils"]
[Result "0-1"]
[WhiteElo "1471"]
[BlackElo "1833"]
[PlyCount "64"]
[EventDate "2012.12.27"]
[EventType "team-swiss"]
[EventRounds "7"]
[EventCountry "GER"]
[SourceTitle "EXT 2014"]
[Source "ChessBase"]
[SourceDate "2013.11.20"]
[SourceVersion "1"]
[SourceVersionDate "2013.11.20"]
[SourceQuality "1"]
[WhiteTeam "Eppingen"]
[BlackTeam "Lingen"]
[WhiteTeamCountry "GER"]
[BlackTeamCountry "GER"]

1. e4 c5 2. c3 d5 3. exd5 Qxd5 4. d4 Nf6 5. Nf3 Bg4 6. Be2 e6 7. h3 Bh5 8. 0-0 Be7 9. Be3 cxd4 10. cxd4 0-0 11. Nc3 Qd8 12. Qb3 b6 13. Rfd1 Nd5 14. Nxd5 exd5 15. Rac1 g5 16. Kf1 Kg7 17. Rc3 f5 18. Nxg5 Bxg5 19. Bxg5 Bxe2+ 20. Kxe2 Qd6 21. Rg3 Kh8 22. Kf1 Nc6 23. Rc3 Na5 24. Qc2 Qh2 25. f3 Rae8 26. Qd2 f4 27. Rc7 Nc4 28. Rxc4 dxc4 29. d5 Rf5 30. Qd4+ Kg8 31. Bh6 Rfe5 32. Bxf4 Re1+ 0-1

[Event "GER-chT U16"]
[Site "Naumburg"]
[Date "2012.12.28"]
[Round "3"]
[White "Vonhoff, Nils"]
[Black "Hammann, Jonas"]
[Result "0-1"]
[WhiteElo "1833"]
[BlackElo "1491"]
[PlyCount "90"]
[EventDate "2012.12.27"]
[EventType "team-swiss"]
[EventRounds "7"]
[EventCountry "GER"]
[SourceTitle "EXT 2014"]
[Source "ChessBase"]
[SourceDate "2013.11.20"]
[SourceVersion "1"]
[SourceVersionDate "2013.11.20"]
[SourceQuality "1"]
[WhiteTeam "Lingen"]
[BlackTeam "Stader SV"]
[WhiteTeamCountry "GER"]
[BlackTeamCountry "GER"]

1. e4 e6 2. d4 d5 3. Nd2 c5 4. exd5 exd5 5. Ndf3 Nc6 6. c3 Bd6 7. Be3 cxd4 8. Nxd4 Nge7 9. Bd3 Ne5 10. Bb5+ Bd7 11. Nge2 Bxb5 12. Nxb5 Bb8 13. b3 0-0 14. 0-0 N7g6 15. Ng3 f5 16. Bc5 Rf7 17. Nd4 f4 18. Nge2 Qg5 19. Qc1 Nd3 20. Qa3 Nh4 21. g3 f3 22. Qa4 Bc7 23. Ne6 Qf5 24. Qxh4 fxe2 25. Rfe1 Qxe6 26. Be3 Nxe1 27. Rxe1 Qf5 28. Rxe2 Qb1+ 29. Kg2 Qe4+ 30. Qxe4 dxe4 31. c4 Bb6 32. c5 Ba5 33. a3 Rd7 34. b4 Bc7 35. Bc1 Re8 36. Bb2 Bd8 37. b5 Rd5 38. Rc2 Bf6 39. Bc1 Rc8 40. Be3 Bd4 41. Rd2 Rcd8 42. c6 bxc6 43. bxc6 Bxe3 44. Rxd5 Rxd5 45. c7 Rc5 0-1